NBA MVP odds - Statistics

General Stats
  • This quiz has been taken 4 times
  • The average score is 12 of 15
Answer Stats
Hint Answer % Correct
2 Kevin Durant
100%
4 Kobe Bryant
100%
1 Lebron James
100%
9 Paul George
100%
8 Russell Westbrook
100%
Honorable mentions Stephen Curry
100%
Honorable mentions Tim Duncan
100%
7 Tony Parker
100%
Honorable mentions Blake Griffin
75%
6 Carmelo Anthony
75%
3 Chris Paul
75%
10 Dwyane Wade
75%
5 James Harden
75%
Honorable mentions Zach Randolph
50%
Honorable Mentions Joakim Noah
0%
No matching quizzes found
Score Distribution
Percent of People with Each Score
Percentile by Number Answered
Your Score History
You have not taken this quiz